| 000 | 01511cab a22001935a 4500 | ||
|---|---|---|---|
| 001 | L145558 | ||
| 008 | 081021e20080717xxk f v 000 0 eng d | ||
| 035 | _a(Sirsi) u145558 | ||
| 041 | 0 | _aeng | |
| 245 | 0 | 0 |
_aManton Securities Ltd v Nazam (t/a New Dyal Cash & Carry) _h[electronic resource] |
| 260 | _c2008 | ||
| 520 | _a[2008] EWCA Civ 805, 17 July 2008. A tenant can have the right to be granted a lease even if it took up the property without the landlord's agreement and was consistently late in paying the rent. In 1997 a cash-and-carry business man (N) moved into retail premises owned by M, but did not take out a formal lease, although he did pay rent. In 2002, M suggested new terms for a 21-year lease if N carried out repairs. A dispute arose around what works had been completed at the tenant's expense and whether the landlord could repossess. In the initial hearing, the judge ordered that N be granted a tenancy, despite his late payment of rent. Held: appeal denied. The Court of Appeal agreed with the first court judge that the tenant could not be evicted and was entitled to a 21-year lease, in spite of his poor payment record. | ||
| 590 | _aKA | ||
| 650 | 2 | 4 | _aMANTON SECURITIES LTD V NAZAM |
| 651 | 4 |
_aEngland and Wales _y1543- |
|
| 690 | _aPROPERTY-COMMERCIAL PROPERTY-LEASEHOLD COMMERCIAL PROPERTY-COMMERCIAL LANDLORD AND TENANT-COMMERCIAL LEASES | ||
| 856 | 4 | 0 |
_uhttps://www.bailii.org/ew/cases/EWCA/Civ/2008/805.html _zView the case free of charge at www.bailii.org... |
| 942 | _n0 | ||
| 999 |
_c80872 _d80872 |
||